00545nam a22001937a 450000500170000001000150001702000260003203500140005803700090007208200080008110000290008924500660011825000060018426000340019027000640022430000220028894200220031099900190033220260522121815.0 aENG-148615 c399.00a9789348892829 aEN-132147 bDBAD a332 aOgutu, Gabriel O.989197 aForensic Accounting & Fraud Investigation/cGabriel O. Ogutu a1 aKolkatabExceller Booksc2025 aG1 Dream Apartment, Degree College Roadb Belgharia,Kolkata a175p. c21cm(pbk) 2ddccENmOGUh332 c216349d216349